[Event "Stay Safe Play From Home 157"]
[Site "T#646177Emanuel Laske"]
[Date "2020.05.19"]
[Round "3"]
[White "Trotsky"]
[Black "XShot"]
[Result "0-1"]
[WhiteElo "1575"]
[BlackElo "2476"]
[Annotator "TA"]
[PlyCount "28"]
[EventDate "2020.05.19"]
[EventType "swiss (blitz)"]

{[%evp 9,28,28,75,25,6,-30,-14,-62,-52,-65,-58,-54,-30,-148,-129,-217,-149,-360,-354,-1104,-1097]} 1. d4 c6 2. e3 d5 3. c4 Nf6 4. Nc3 Bg4 5. f3 Bh5 {[#]} 6. c5 $146 {D10: Slav Defence: 3 cxd5 (without early Nf3) and 3 Nc3.} ({Predecessor:} 6. Qb3 Qb6 7. g4 Qxb3 8. axb3 Bg6 9. g5 Nfd7 10. cxd5 Nb6 11. dxc6 Nxc6 12. Bb5 e6 13. Nge2 a6 14. Bxc6+ bxc6 15. e4 c5 16. Be3 {1-0 (16) Schlosser,P (2514)-Mostbauer,F (2375) Austria 2019}) 6... Bg6 7. g4 Nbd7 {[%cal Bb8d7,Bd7e5,Be5d3][%mdl 32]} 8. Bd3 {The position is equal.} e5 9. h4 Bxd3 10. Qxd3 Qe7 {...exd4 is the strong threat.} 11. Bd2 (11. Nge2 $11 {remains equal.}) 11... exd4 $17 12. Nce2 (12. Qxd4 $17 {was called for.} Nxc5 13. Nce2) 12... Ne5 ({Don't play} 12... Nxc5 13. Qxd4 Ne6 14. Qc3 $17) ({But not} 12... Qxc5 13. exd4 Qc4 14. Qxc4 $17) 13. Qf5 $2 {[#]} (13. Qxd4 $17 {keeps fighting.} Nfd7 14. b4) 13... g6 $19 14. Qf4 $2 (14. Qb1 dxe3 15. Bc3) 14... Nd3+ {[%mdl 64] Double Attack. Black took control after the opening. Accuracy: White =  7%, Black = 82%.} 0-1

[Event "Stay Safe Play From Home 157"]
[Site "T#646177Emanuel Laske"]
[Date "2020.05.19"]
[Round "4"]
[White "XShot"]
[Black "Ionutn28"]
[Result "1-0"]
[WhiteElo "2476"]
[BlackElo "1720"]
[Annotator "NA"]
[PlyCount "31"]
[EventDate "2020.05.19"]
[EventType "swiss (blitz)"]

1. d4 {[%emt 0:00:01]} d5 {[%emt 0:00:01]} 2. Nf3 {[%emt 0:00:00]} Nf6 {[%emt 0:00:03]} 3. Bg5 {[%emt 0:00:00]} e6 {[%emt 0:00:01]} 4. Bxf6 {[%emt 0:00:01]} Qxf6 {[%emt 0:00:02]} 5. Nbd2 {[%emt 0:00:00]} Bd6 {[%emt 0:00:01]} 6. e4 {[%emt 0:00:00]} dxe4 {[%emt 0:00:02]} 7. Nxe4 {[%emt 0:00:00]} Qe7 {[%emt 0:00:00]} 8. Bd3 {[%emt 0:00:00]} O-O {[%emt 0:00:03]} 9. O-O {[%emt 0:00:00]} h6 {[%emt 0:00:00]} 10. Re1 {[%emt 0:00:00]} Nc6 {[%emt 0:00:00]} 11. c3 {[%emt 0:00:00]} e5 {[%emt 0:00:05]} 12. d5 {[%emt 0:00:02]} Na5 {[%emt 0:00:06]} 13. b4 {[%emt 0:00:03]} Bxb4 {[%emt 0:00:01]} 14. cxb4 {[%emt 0:00:02]} Qxb4 {[%emt 0:00:00]} 15. Qd2 {[%emt 0:00:00]} Bg4 {[%emt 0:00:02]} 16. Qxb4 {[%emt 0:00:01] Ionutn28 resigns (Lag: Av=0.63s, max=0.7s)} 1-0

[Event "Stay Safe Play From Home 157"]
[Site "T#646177Emanuel Laske"]
[Date "2020.05.19"]
[Round "4"]
[White "Lamborghini"]
[Black "SoulofWolf"]
[Result "1/2-1/2"]
[WhiteElo "2333"]
[BlackElo "2128"]
[PlyCount "107"]
[EventDate "2020.05.19"]
[EventType "swiss (blitz)"]

1. e4 {[%emt 0:00:03]} e6 {[%emt 0:00:00]} 2. d4 {[%emt 0:00:01]} c5 {[%emt 0:00:00]} 3. Nf3 {[%emt 0:00:01]} cxd4 {[%emt 0:00:01]} 4. Nxd4 {[%emt 0:00:01]} Nc6 {[%emt 0:00:00]} 5. Nc3 {[%emt 0:00:01]} Qb6 {[%emt 0:00:01]} 6. Nb3 {[%emt 0:00:01]} a5 {[%emt 0:00:01]} 7. a4 {[%emt 0:00:03]} Bb4 {[%emt 0:00:01]} 8. Bd3 {[%emt 0:00:01]} Nf6 {[%emt 0:00:01]} 9. O-O {[%emt 0:00:01]} d6 {[%emt 0:00:01]} 10. Nb5 {[%emt 0:00:01]} Qd8 {[%emt 0:00:02]} 11. Be3 {[%emt 0:00:02]} O-O {[%emt 0:00:01]} 12. Qf3 {[%emt 0:00:02]} Qe7 {[%emt 0:00:01]} 13. Qg3 {[%emt 0:00:01]} Ne5 {[%emt 0:00:01]} 14. Be2 {[%emt 0:00:01]} Ng6 {[%emt 0:00:02]} 15. f3 {[%emt 0:00:02]} Bd7 {[%emt 0:00:02]} 16. c3 {[%emt 0:00:01]} Bxb5 {[%emt 0:00:01]} 17. axb5 {[%emt 0:00:01]} Bc5 {[%emt 0:00:02]} 18. Nxc5 {[%emt 0:00:01]} dxc5 {[%emt 0:00:00]} 19. h4 {[%emt 0:00:02]} h5 {[%emt 0:00:03]} 20. Bg5 {[%emt 0:00:02]} b6 {[%emt 0:00:00]} 21. e5 {[%emt 0:00:01]} Rad8 {[%emt 0:00:04]} 22. exf6 {[%emt 0:00:01]} gxf6 {[%emt 0:00:00]} 23. Bh6 {[%emt 0:00:01]} Rfe8 {[%emt 0:00:01]} 24. Rad1 {[%emt 0:00:01]} f5 {[%emt 0:00:03]} 25. Bg5 {[%emt 0:00:02]} f6 {[%emt 0:00:00]} 26. Bc1 {[%emt 0:00:01]} Qh7 {[%emt 0:00:03]} 27. Bc4 {[%emt 0:00:01]} Kf7 {[%emt 0:00:01]} 28. Rxd8 {[%emt 0:00:02]} Rxd8 {[%emt 0:00:01]} 29. Re1 {[%emt 0:00:01]} Re8 {[%emt 0:00:01]} 30. Qd6 {[%emt 0:00:01]} Nf8 {[%emt 0:00:01]} 31. Qxb6 {[%emt 0:00:02]} Re7 {[%emt 0:00:03]} 32. Qxc5 {[%emt 0:00:01]} Nd7 {[%emt 0:00:02]} 33. Qe3 {[%emt 0:00:02]} Ne5 {[%emt 0:00:01]} 34. Bb3 {[%emt 0:00:01]} Rb7 {[%emt 0:00:03]} 35. b6 {[%emt 0:00:01]} Qg8 {[%emt 0:00:02]} 36. Qf4 {[%emt 0:00:01]} Re7 {[%emt 0:00:01]} 37. Rxe5 {[%emt 0:00:01]} fxe5 {[%emt 0:00:01]} 38. Qxf5+ {[%emt 0:00:00]} Ke8 {[%emt 0:00:01]} 39. Qxe5 {[%emt 0:00:01]} Rg7 {[%emt 0:00:01]} 40. Bg5 {[%emt 0:00:01]} Rd7 {[%emt 0:00:01]} 41. Qb8+ {[%emt 0:00:02]} Kf7 {[%emt 0:00:01]} 42. Qxg8+ {[%emt 0:00:01]} Kxg8 {[%emt 0:00:00]} 43. Bxe6+ {[%emt 0:00:01]} Kg7 {[%emt 0:00:01]} 44. Bxd7 {[%emt 0:00:01]} Kg6 {[%emt 0:00:00]} 45. Bf5+ {[%emt 0:00:01]} Kxf5 {[%emt 0:00:00]} 46. b7 {[%emt 0:00:01]} Ke5 {[%emt 0:00:00]} 47. b8=Q+ {[%emt 0:00:00]} Kd5 {[%emt 0:00:00]} 48. Qf4 {[%emt 0:00:00]} Kc5 {[%emt 0:00:01]} 49. Qa4 {[%emt 0:00:00]} Kb6 {[%emt 0:00:01]} 50. b4 {[%emt 0:00:00]} axb4 {[%emt 0:00:01]} 51. Qxb4+ {[%emt 0:00:01]} Kc7 {[%emt 0:00:00]} 52. Qe4 {[%emt 0:00:01]} Kd7 {[%emt 0:00:00]} 53. Bf4 {[%emt 0:00:01]} Kd8 {[%emt 0:00:01]} 54. Qe6 {[%emt 0:00:00] (Lag: Av=0.32s, max=0.8s)} 1/2-1/2

[Event "Stay Safe Play From Home 157"]
[Site "T#646177Emanuel Laske"]
[Date "2020.05.19"]
[Round "4"]
[White "Little champs"]
[Black "SecantFX"]
[Result "1-0"]
[WhiteElo "2235"]
[BlackElo "1960"]
[PlyCount "43"]
[EventDate "2020.05.19"]
[EventType "swiss (blitz)"]

1. d4 {[%emt 0:00:01]} b6 {[%emt 0:00:00]} 2. e3 {[%emt 0:00:00]} Bb7 {[%emt 0:00:00]} 3. Nf3 {[%emt 0:00:00]} c6 {[%emt 0:00:00]} 4. Be2 {[%emt 0:00:00]} e6 {[%emt 0:00:00]} 5. O-O {[%emt 0:00:00]} Nf6 {[%emt 0:00:00]} 6. c4 {[%emt 0:00:00]} Be7 {[%emt 0:00:01]} 7. Nc3 {[%emt 0:00:00]} O-O {[%emt 0:00:00]} 8. e4 {[%emt 0:00:01]} d5 {[%emt 0:00:00]} 9. e5 {[%emt 0:00:00]} Nfd7 {[%emt 0:00:00]} 10. cxd5 {[%emt 0:00:00]} cxd5 {[%emt 0:00:01]} 11. Bd3 {[%emt 0:00:00]} a6 {[%emt 0:00:00]} 12. Qc2 {[%emt 0:00:01]} b5 {[%emt 0:00:00]} 13. Bxh7+ {[%emt 0:00:01]} Kh8 {[%emt 0:00:01]} 14. Bd3 {[%emt 0:00:00]} Nb6 {[%emt 0:00:01]} 15. Qe2 {[%emt 0:00:01]} g6 {[%emt 0:00:01]} 16. Bh6 {[%emt 0:00:02]} Rg8 {[%emt 0:00:03]} 17. Qe3 {[%emt 0:00:01]} Bf8 {[%emt 0:00:01]} 18. Qf4 {[%emt 0:00:03]} Bg7 {[%emt 0:00:02]} 19. Ng5 {[%emt 0:00:06]} Rf8 {[%emt 0:00:08]} 20. Qh4 {[%emt 0:00:01]} Kg8 {[%emt 0:00:16]} 21. Bxg7 {[%emt 0:00:01]} Qxg5 {[%emt 0:00:00]} 22. Qh8# {[%emt 0:00:02] (Lag: Av=0.77s, max=1.8s)} 1-0

[Event "Stay Safe Play From Home 157"]
[Site "T#646177Emanuel Laske"]
[Date "2020.05.19"]
[Round "4"]
[White "Toosieslide"]
[Black "Lazieri3"]
[Result "1-0"]
[WhiteElo "2135"]
[BlackElo "2107"]
[PlyCount "89"]
[EventDate "2020.05.19"]
[EventType "swiss (blitz)"]

1. d4 {[%emt 0:00:03]} c6 {[%emt 0:00:00]} 2. c4 {[%emt 0:00:01]} d5 {[%emt 0:00:00]} 3. Nc3 {[%emt 0:00:00]} Nf6 {[%emt 0:00:01]} 4. Nf3 {[%emt 0:00:00]} Bf5 {[%emt 0:00:00]} 5. cxd5 {[%emt 0:00:01]} Nxd5 {[%emt 0:00:01]} 6. Qb3 {[%emt 0:00:03]} Nxc3 {[%emt 0:00:02]} 7. bxc3 {[%emt 0:00:00]} Qb6 {[%emt 0:00:01]} 8. e3 {[%emt 0:00:03]} Qxb3 {[%emt 0:00:01]} 9. axb3 {[%emt 0:00:01]} e6 {[%emt 0:00:00]} 10. Be2 {[%emt 0:00:01]} Nd7 {[%emt 0:00:00]} 11. O-O {[%emt 0:00:01]} Bd6 {[%emt 0:00:01]} 12. Bb2 {[%emt 0:00:01]} O-O {[%emt 0:00:02]} 13. c4 {[%emt 0:00:00]} a6 {[%emt 0:00:01]} 14. c5 {[%emt 0:00:01]} Bc7 {[%emt 0:00:01]} 15. Ra4 {[%emt 0:00:02]} Rfe8 {[%emt 0:00:01]} 16. Rb4 {[%emt 0:00:01]} Rab8 {[%emt 0:00:02]} 17. Rc1 {[%emt 0:00:03]} e5 {[%emt 0:00:01]} 18. dxe5 {[%emt 0:00:02]} Nxe5 {[%emt 0:00:00]} 19. Nxe5 {[%emt 0:00:00]} Bxe5 {[%emt 0:00:00]} 20. Bxe5 {[%emt 0:00:00]} Rxe5 {[%emt 0:00:01]} 21. Bf3 {[%emt 0:00:00]} h6 {[%emt 0:00:03]} 22. Bxc6 {[%emt 0:00:01]} Rc8 {[%emt 0:00:08]} 23. Bxb7 {[%emt 0:00:01]} Rexc5 {[%emt 0:00:04]} 24. Rxc5 {[%emt 0:00:00]} Rxc5 {[%emt 0:00:01]} 25. h3 {[%emt 0:00:01]} a5 {[%emt 0:00:03]} 26. Rd4 {[%emt 0:00:03]} Be6 {[%emt 0:00:04]} 27. Rd8+ {[%emt 0:00:04]} Kh7 {[%emt 0:00:01]} 28. Rb8 {[%emt 0:00:02]} Kg6 {[%emt 0:00:06]} 29. Be4+ {[%emt 0:00:02]} f5 {[%emt 0:00:03]} 30. Bd3 {[%emt 0:00:01]} Rc3 {[%emt 0:00:01]} 31. Rb6 {[%emt 0:00:01]} Rxd3 {[%emt 0:00:01]} 32. Rxe6+ {[%emt 0:00:01]} Kf7 {[%emt 0:00:00]} 33. Rb6 {[%emt 0:00:00]} Rd1+ {[%emt 0:00:01]} 34. Kh2 {[%emt 0:00:00]} Ra1 {[%emt 0:00:00]} 35. Kg3 {[%emt 0:00:01]} a4 {[%emt 0:00:00]} 36. bxa4 {[%emt 0:00:01]} Rxa4 {[%emt 0:00:00]} 37. Kf3 {[%emt 0:00:01]} g6 {[%emt 0:00:01]} 38. g3 {[%emt 0:00:00]} h5 {[%emt 0:00:01]} 39. Rb7+ {[%emt 0:00:00]} Kf6 {[%emt 0:00:01]} 40. h4 {[%emt 0:00:00]} Rb4 {[%emt 0:00:02]} 41. Rxb4 {[%emt 0:00:01]} Kg7 {[%emt 0:00:01]} 42. Rb6 {[%emt 0:00:00]} Kh6 {[%emt 0:00:00]} 43. Kf4 {[%emt 0:00:00]} Kg7 {[%emt 0:00:00]} 44. Kg5 {[%emt 0:00:00]} Kf7 {[%emt 0:00:01]} 45. Rxg6 {[%emt 0:00:01] Time (Lag: Av=0.71s, max=0.8s)} 1-0

[Event "Stay Safe Play From Home 157"]
[Site "T#646177Emanuel Laske"]
[Date "2020.05.19"]
[Round "4"]
[White "Weltszmerc"]
[Black "Fischer_11"]
[Result "0-1"]
[WhiteElo "2091"]
[BlackElo "2156"]
[Annotator "NA"]
[PlyCount "106"]
[EventDate "2020.05.19"]
[EventType "swiss (blitz)"]

1. d4 {[%emt 0:00:01]} e5 {[%emt 0:00:01]} 2. c4 {[%emt 0:00:00]} exd4 {[%emt 0:00:01]} 3. Qxd4 {[%emt 0:00:01]} Nf6 {[%emt 0:00:02]} 4. Qd1 {[%emt 0:00:01]} Bb4+ {[%emt 0:00:00]} 5. Bd2 {[%emt 0:00:01]} O-O {[%emt 0:00:00]} 6. Bxb4 {[%emt 0:00:01]} Nc6 {[%emt 0:00:00]} 7. Bxf8 {[%emt 0:00:01]} Qxf8 {[%emt 0:00:00]} 8. Nc3 {[%emt 0:00:01]} Qe7 {[%emt 0:00:00]} 9. e3 {[%emt 0:00:01]} d6 {[%emt 0:00:01]} 10. Nf3 {[%emt 0:00:01]} Bg4 {[%emt 0:00:01]} 11. Be2 {[%emt 0:00:01]} h6 {[%emt 0:00:01]} 12. h3 {[%emt 0:00:01]} Bh5 {[%emt 0:00:01]} 13. Nd5 {[%emt 0:00:01]} Nxd5 {[%emt 0:00:02]} 14. Qxd5 {[%emt 0:00:00]} Bg6 {[%emt 0:00:01]} 15. O-O {[%emt 0:00:02]} Re8 {[%emt 0:00:01]} 16. a3 {[%emt 0:00:01]} Qf6 {[%emt 0:00:00]} 17. b4 {[%emt 0:00:04]} Qb2 {[%emt 0:00:04]} 18. Qd2 {[%emt 0:00:02]} Qb3 {[%emt 0:00:06]} 19. Nd4 {[%emt 0:00:04]} Nxd4 {[%emt 0:00:03]} 20. exd4 {[%emt 0:00:01]} c6 {[%emt 0:00:08]} 21. Bd3 {[%emt 0:00:01]} Qxd3 {[%emt 0:00:02]} 22. Qxd3 {[%emt 0:00:01]} Bxd3 {[%emt 0:00:00]} 23. Rfe1 {[%emt 0:00:02]} Rxe1+ {[%emt 0:00:03]} 24. Rxe1 {[%emt 0:00:00]} Bxc4 {[%emt 0:00:00]} 25. Re8+ {[%emt 0:00:01]} Kh7 {[%emt 0:00:01]} 26. Re7 {[%emt 0:00:00]} b5 {[%emt 0:00:01]} 27. Rxa7 {[%emt 0:00:01]} Kg6 {[%emt 0:00:02]} 28. Rd7 {[%emt 0:00:01]} d5 {[%emt 0:00:02]} 29. Rd6+ {[%emt 0:00:01]} Kf5 {[%emt 0:00:00]} 30. Rxc6 {[%emt 0:00:00]} Ke4 {[%emt 0:00:00]} 31. Rc7 {[%emt 0:00:01]} Kxd4 {[%emt 0:00:00]} 32. Rxf7 {[%emt 0:00:01]} Kc3 {[%emt 0:00:00]} 33. Rxg7 {[%emt 0:00:01]} d4 {[%emt 0:00:00]} 34. Rd7 {[%emt 0:00:01]} d3 {[%emt 0:00:00]} 35. f3 {[%emt 0:00:02]} d2 {[%emt 0:00:01]} 36. Kf2 {[%emt 0:00:00]} Kc2 {[%emt 0:00:00]} 37. Rxd2+ {[%emt 0:00:03]} Kxd2 {[%emt 0:00:00]} 38. g4 {[%emt 0:00:01]} Kc3 {[%emt 0:00:01]} 39. f4 {[%emt 0:00:05]} Kb3 {[%emt 0:00:00]} 40. g5 {[%emt 0:00:00]} hxg5 {[%emt 0:00:01]} 41. fxg5 {[%emt 0:00:01]} Kxa3 {[%emt 0:00:00]} 42. h4 {[%emt 0:00:01]} Kxb4 {[%emt 0:00:00]} 43. h5 {[%emt 0:00:00]} Kc5 {[%emt 0:00:00]} 44. g6 {[%emt 0:00:01]} Kd6 {[%emt 0:00:00]} 45. h6 {[%emt 0:00:01]} Ke7 {[%emt 0:00:00]} 46. h7 {[%emt 0:00:00]} Kf6 {[%emt 0:00:03]} 47. h8=Q+ {[%emt 0:00:00]} Kxg6 {[%emt 0:00:00]} 48. Qc3 {[%emt 0:00:01]} Kf5 {[%emt 0:00:00]} 49. Ke3 {[%emt 0:00:01]} Ke6 {[%emt 0:00:01]} 50. Qb4 {[%emt 0:00:00]} Kd5 {[%emt 0:00:00]} 51. Kd2 {[%emt 0:00:01]} Kd4 {[%emt 0:00:01]} 52. Qa5 {[%emt 0:00:02]} Kd5 {[%emt 0:00:00] Fischer_11 bietet Remis} 53. Kc3 {[%emt 0:00:01]} Kc5 {[%emt 0:00:00] Czas partii (Lag: Av=0.49s, max=1.0s)} 0-1

[Event "Stay Safe Play From Home 157"]
[Site "T#646177Emanuel Laske"]
[Date "2020.05.19"]
[Round "4"]
[White "Haris kollari 13"]
[Black "Mepe_Nika"]
[Result "0-1"]
[WhiteElo "1671"]
[BlackElo "2264"]
[Annotator "NA"]
[PlyCount "62"]
[EventDate "2020.05.19"]
[EventType "swiss (blitz)"]

1. e4 {[%emt 0:00:01]} e5 {[%emt 0:00:01]} 2. f4 {[%emt 0:00:01]} exf4 {[%emt 0:00:02]} 3. Nf3 {[%emt 0:00:01]} Nf6 {[%emt 0:00:00]} 4. Nc3 {[%emt 0:00:02]} d5 {[%emt 0:00:01]} 5. e5 {[%emt 0:00:01]} Nh5 {[%emt 0:00:01]} 6. d4 {[%emt 0:00:02]} Be7 {[%emt 0:00:02]} 7. Bd3 {[%emt 0:00:03]} Bh4+ {[%emt 0:00:01]} 8. Kf1 {[%emt 0:00:01]} O-O {[%emt 0:00:02]} 9. Bd2 {[%emt 0:00:01]} g6 {[%emt 0:00:03]} 10. Qc1 {[%emt 0:00:01]} Bg5 {[%emt 0:00:03]} 11. g3 {[%emt 0:00:02]} Bg4 {[%emt 0:00:03]} 12. Nxg5 {[%emt 0:00:10]} Qxg5 {[%emt 0:00:03]} 13. gxf4 {[%emt 0:00:01]} Bh3+ {[%emt 0:00:01]} 14. Ke1 {[%emt 0:00:06]} Qh4+ {[%emt 0:00:02]} 15. Kd1 {[%emt 0:00:01]} Bg4+ {[%emt 0:00:01]} 16. Be2 {[%emt 0:00:01]} Nc6 {[%emt 0:00:01]} 17. Be3 {[%emt 0:00:04]} f6 {[%emt 0:00:07]} 18. Qd2 {[%emt 0:00:03]} fxe5 {[%emt 0:00:01]} 19. fxe5 {[%emt 0:00:02]} Rf5 {[%emt 0:00:05]} 20. Kc1 {[%emt 0:00:01]} Raf8 {[%emt 0:00:01]} 21. Nxd5 {[%emt 0:00:03]} Nf4 {[%emt 0:00:03]} 22. Bxf4 {[%emt 0:00:05]} Bxe2 {[%emt 0:00:00]} 23. Qxe2 {[%emt 0:00:02]} Rxf4 {[%emt 0:00:01]} 24. Nxf4 {[%emt 0:00:01]} Qxf4+ {[%emt 0:00:01]} 25. Qd2 {[%emt 0:00:00]} Nxd4 {[%emt 0:00:01]} 26. Qxf4 {[%emt 0:00:01]} Rxf4 {[%emt 0:00:00]} 27. Kd2 {[%emt 0:00:01]} Rf2+ {[%emt 0:00:01]} 28. Kd3 {[%emt 0:00:00]} Nxc2 {[%emt 0:00:01]} 29. Rac1 {[%emt 0:00:01]} Nb4+ {[%emt 0:00:01]} 30. Ke3 {[%emt 0:00:01]} Rxb2 {[%emt 0:00:00]} 31. Rxc7 {[%emt 0:00:01]} Nd5+ {[%emt 0:00:00] Time (Lag: Av=0.38s, max=0.9s)} 0-1

[Event "Stay Safe Play From Home 157"]
[Site "T#646177Emanuel Laske"]
[Date "2020.05.19"]
[Round "4"]
[White "Justwatch"]
[Black "BrainThinker22"]
[Result "0-1"]
[WhiteElo "1629"]
[BlackElo "2203"]
[Annotator "NA"]
[PlyCount "60"]
[EventDate "2020.05.19"]
[EventType "swiss (blitz)"]

1. e4 {[%emt 0:00:01]} c6 {[%emt 0:00:01]} 2. Nf3 {[%emt 0:00:01]} d5 {[%emt 0:00:00]} 3. exd5 {[%emt 0:00:00]} cxd5 {[%emt 0:00:00]} 4. d4 {[%emt 0:00:00]} Nc6 {[%emt 0:00:00]} 5. Be3 {[%emt 0:00:00]} Nf6 {[%emt 0:00:00]} 6. Bb5 {[%emt 0:00:00]} a6 {[%emt 0:00:00]} 7. Bxc6+ {[%emt 0:00:00]} bxc6 {[%emt 0:00:00]} 8. Nbd2 {[%emt 0:00:00]} Bg4 {[%emt 0:00:01]} 9. Ne5 {[%emt 0:00:00]} Bxd1 {[%emt 0:00:01]} 10. Rxd1 {[%emt 0:00:01]} e6 {[%emt 0:00:01]} 11. Nxc6 {[%emt 0:00:01]} Qc7 {[%emt 0:00:01]} 12. Ne5 {[%emt 0:00:00]} Qxc2 {[%emt 0:00:01]} 13. O-O {[%emt 0:00:01]} Bd6 {[%emt 0:00:01]} 14. b3 {[%emt 0:00:01]} Qxa2 {[%emt 0:00:01]} 15. Nd3 {[%emt 0:00:03]} Qc2 {[%emt 0:00:02]} 16. Nc5 {[%emt 0:00:03]} Bxc5 {[%emt 0:00:01]} 17. dxc5 {[%emt 0:00:00]} O-O {[%emt 0:00:00]} 18. b4 {[%emt 0:00:01]} e5 {[%emt 0:00:02]} 19. Bg5 {[%emt 0:00:02]} d4 {[%emt 0:00:03]} 20. Bxf6 {[%emt 0:00:02]} gxf6 {[%emt 0:00:00]} 21. Nf3 {[%emt 0:00:02]} a5 {[%emt 0:00:01]} 22. bxa5 {[%emt 0:00:01]} Qxc5 {[%emt 0:00:01]} 23. Nh4 {[%emt 0:00:03]} Rxa5 {[%emt 0:00:02]} 24. Rd3 {[%emt 0:00:02]} Rfa8 {[%emt 0:00:02]} 25. h3 {[%emt 0:00:03]} Ra1 {[%emt 0:00:01]} 26. Rxa1 {[%emt 0:00:02]} Rxa1+ {[%emt 0:00:00]} 27. Kh2 {[%emt 0:00:00]} e4 {[%emt 0:00:00]} 28. Rg3+ {[%emt 0:00:00]} Kf8 {[%emt 0:00:00]} 29. Rb3 {[%emt 0:00:05]} Qe5+ {[%emt 0:00:02]} 30. Rg3 {[%emt 0:00:03]} d3 {[%emt 0:00:06] Justwatch terk eder (Lag: Av=0.44s, max=0.9s)} 0-1

[Event "Stay Safe Play From Home 157"]
[Site "T#646177Emanuel Laske"]
[Date "2020.05.19"]
[Round "4"]
[White "Matanant"]
[Black "Trotsky"]
[Result "1-0"]
[WhiteElo "1591"]
[BlackElo "1574"]
[Annotator "NA"]
[PlyCount "63"]
[EventDate "2020.05.19"]
[EventType "swiss (blitz)"]

1. b3 {[%emt 0:00:01]} d5 {[%emt 0:00:01]} 2. Bb2 {[%emt 0:00:01]} c5 {[%emt 0:00:01]} 3. e3 {[%emt 0:00:00]} e6 {[%emt 0:00:00]} 4. f4 {[%emt 0:00:00]} Nc6 {[%emt 0:00:01]} 5. Nf3 {[%emt 0:00:00]} Qc7 {[%emt 0:00:01]} 6. Bb5 {[%emt 0:00:00]} f6 {[%emt 0:00:00]} 7. O-O {[%emt 0:00:02]} Bd6 {[%emt 0:00:01]} 8. d3 {[%emt 0:00:01]} Bd7 {[%emt 0:00:01]} 9. Bxc6 {[%emt 0:00:01]} bxc6 {[%emt 0:00:01]} 10. Nbd2 {[%emt 0:00:00]} h5 {[%emt 0:00:01]} 11. g3 {[%emt 0:00:01]} Nh6 {[%emt 0:00:01]} 12. Nh4 {[%emt 0:00:02]} O-O-O {[%emt 0:00:03]} 13. e4 {[%emt 0:00:03]} g5 {[%emt 0:00:01]} 14. fxg5 {[%emt 0:00:03]} fxg5 {[%emt 0:00:01]} 15. Ng6 {[%emt 0:00:02]} Rh7 {[%emt 0:00:01]} 16. Qxh5 {[%emt 0:00:06]} Bxg3 {[%emt 0:00:05]} 17. hxg3 {[%emt 0:00:03]} Qxg3+ {[%emt 0:00:01]} 18. Kh1 {[%emt 0:00:04]} e5 {[%emt 0:00:05]} 19. Rg1 {[%emt 0:00:02]} Qf4 {[%emt 0:00:04]} 20. Nf3 {[%emt 0:00:04]} Qf7 {[%emt 0:00:04]} 21. Nxg5 {[%emt 0:00:02]} Qg7 {[%emt 0:00:04]} 22. Nxh7 {[%emt 0:00:02]} Qxh7 {[%emt 0:00:01]} 23. exd5 {[%emt 0:00:03]} Be8 {[%emt 0:00:01]} 24. Bxe5 {[%emt 0:00:03]} Bxg6 {[%emt 0:00:04]} 25. Qxg6 {[%emt 0:00:02]} Nf7+ {[%emt 0:00:03]} 26. Qxh7 {[%emt 0:00:02]} Rh8 {[%emt 0:00:01]} 27. Qxh8+ {[%emt 0:00:01]} Nxh8 {[%emt 0:00:01]} 28. dxc6 {[%emt 0:00:01]} Nf7 {[%emt 0:00:02]} 29. Rg8+ {[%emt 0:00:00]} Nd8 {[%emt 0:00:04]} 30. Rf1 {[%emt 0:00:00]} a5 {[%emt 0:00:03]} 31. Rff8 {[%emt 0:00:00]} a4 {[%emt 0:00:02]} 32. Rxd8# {[%emt 0:00:00] (Lag: Av=0.47s, max=0.8s)} 1-0

[Event "Stay Safe Play From Home 157"]
[Site "T#646177Emanuel Laske"]
[Date "2020.05.19"]
[Round "4"]
[White "Parth11"]
[Black "Aditya_dpawn"]
[Result "0-1"]
[WhiteElo "1363"]
[BlackElo "1941"]
[Annotator "NA"]
[PlyCount "28"]
[EventDate "2020.05.19"]
[EventType "swiss (blitz)"]

1. e3 {[%emt 0:00:01]} d5 {[%emt 0:00:01]} 2. d3 {[%emt 0:00:00]} e5 {[%emt 0:00:01]} 3. Be2 {[%emt 0:00:00]} Nf6 {[%emt 0:00:00]} 4. e4 {[%emt 0:00:01]} Bd6 {[%emt 0:00:00]} 5. exd5 {[%emt 0:00:01]} Nxd5 {[%emt 0:00:00]} 6. Nc3 {[%emt 0:00:00]} Nf4 {[%emt 0:00:01]} 7. Nf3 {[%emt 0:00:01]} Nxg2+ {[%emt 0:00:02]} 8. Kf1 {[%emt 0:00:02]} Bh3 {[%emt 0:00:01]} 9. Kg1 {[%emt 0:00:04]} Qf6 {[%emt 0:00:04]} 10. Be3 {[%emt 0:00:08]} Qg6 {[%emt 0:00:05]} 11. Kf1 {[%emt 0:00:07]} Nxe3+ {[%emt 0:00:07]} 12. Ke1 {[%emt 0:00:02]} Ng2+ {[%emt 0:00:04]} 13. Kd2 {[%emt 0:00:02]} Qh6+ {[%emt 0:00:02]} 14. Ng5 {[%emt 0:00:03]} Qxg5+ {[%emt 0:00:01]} 0-1

[Event "Stay Safe Play From Home 157"]
[Site "T#646177Emanuel Laske"]
[Date "2020.05.19"]
[Round "5"]
[White "Little champs"]
[Black "Lamborghini"]
[Result "0-1"]
[WhiteElo "2241"]
[BlackElo "2324"]
[PlyCount "72"]
[EventDate "2020.05.19"]
[EventType "swiss (blitz)"]

1. d3 {[%emt 0:00:02]} c5 {[%emt 0:00:00]} 2. e4 {[%emt 0:00:01]} Nc6 {[%emt 0:00:01]} 3. Nf3 {[%emt 0:00:00]} g6 {[%emt 0:00:00]} 4. Be2 {[%emt 0:00:01]} Bg7 {[%emt 0:00:00]} 5. O-O {[%emt 0:00:00]} d6 {[%emt 0:00:00]} 6. c3 {[%emt 0:00:00]} e5 {[%emt 0:00:01]} 7. Be3 {[%emt 0:00:02]} Nge7 {[%emt 0:00:01]} 8. d4 {[%emt 0:00:00]} b6 {[%emt 0:00:02]} 9. d5 {[%emt 0:00:01]} Nb8 {[%emt 0:00:01]} 10. c4 {[%emt 0:00:00]} O-O {[%emt 0:00:01]} 11. b4 {[%emt 0:00:01]} cxb4 {[%emt 0:00:01]} 12. a3 {[%emt 0:00:00]} b3 {[%emt 0:00:01]} 13. Qxb3 {[%emt 0:00:01]} Na6 {[%emt 0:00:00]} 14. Qd1 {[%emt 0:00:00]} f5 {[%emt 0:00:02]} 15. Nc3 {[%emt 0:00:01]} f4 {[%emt 0:00:01]} 16. Bc1 {[%emt 0:00:01]} Nc5 {[%emt 0:00:01]} 17. a4 {[%emt 0:00:02]} h6 {[%emt 0:00:01]} 18. h3 {[%emt 0:00:01]} g5 {[%emt 0:00:01]} 19. Nd2 {[%emt 0:00:02]} Kh8 {[%emt 0:00:01]} 20. Nb3 {[%emt 0:00:01]} Nxb3 {[%emt 0:00:02]} 21. Qxb3 {[%emt 0:00:01]} Ng8 {[%emt 0:00:00]} 22. Bg4 {[%emt 0:00:02]} Bxg4 {[%emt 0:00:02]} 23. hxg4 {[%emt 0:00:01]} f3 {[%emt 0:00:00]} 24. gxf3 {[%emt 0:00:01]} Rxf3 {[%emt 0:00:02]} 25. Kg2 {[%emt 0:00:00]} Rf7 {[%emt 0:00:02]} 26. Be3 {[%emt 0:00:02]} Qd7 {[%emt 0:00:01]} 27. f3 {[%emt 0:00:00]} Raf8 {[%emt 0:00:01]} 28. Rf2 {[%emt 0:00:01]} Rxf3 {[%emt 0:00:01]} 29. Rxf3 {[%emt 0:00:25]} Qxg4+ {[%emt 0:00:02]} 30. Kh2 {[%emt 0:00:02]} Qxf3 {[%emt 0:00:01]} 31. Re1 {[%emt 0:00:02]} Nf6 {[%emt 0:00:01]} 32. Qd1 {[%emt 0:00:01]} Ng4+ {[%emt 0:00:01]} 33. Kg1 {[%emt 0:00:02]} Qxd1 {[%emt 0:00:01]} 34. Nxd1 {[%emt 0:00:01]} Nxe3 {[%emt 0:00:01]} 35. Nxe3 {[%emt 0:00:01]} h5 {[%emt 0:00:00]} 36. Nf5 {[%emt 0:00:00]} Rxf5 {[%emt 0:00:00] Time (Lag: Av=0.50s, max=0.7s)} 0-1